000 00282nam a2200097Ia 4500
001 1229190
005 20250827093056.0
008 250824s9999 xx 000 0 und d
245 0 _aBİR SORUN VAR BEN NERELİYİM
_cJAMIE KELLY
260 _bALTIN KİTAPLAR YAYINLARI
999 _c1229190
_d1229190